[Event "EIRCC 2019"]
[Site "Tallinn"]
[Date "2019.12.06"]
[Round "9.36"]
[White "Wallin, Aleksi"]
[Black "Duzhakov, Ilya"]
[Result "0-1"]
[WhiteElo "2219"]
[BlackElo "2351"]
[Annotator "NA"]
[PlyCount "44"]
[EventDate "2019.12.05"]
[EventType "swiss"]
[EventCountry "EST"]
[SourceTitle "playchess.com"]
[Source "ChessBase"]
[SourceQuality "1"]
[TimeControl "900+10"]

1. Nf3 {[%emt 0:03:01]} Nf6 {[%emt 0:00:07]} 2. c4 {[%emt 0:00:04]} g6 {[%emt 0:01:46]} 3. Nc3 {[%emt 0:00:05]} d5 {[%emt 0:00:02]} 4. cxd5 {[%emt 0:00:07]} Nxd5 {[%emt 0:00:01]} 5. Qc2 {[%emt 0:00:03]} Nc6 {[%emt 0:01:29]} 6. Qb3 {[%emt 0:00:03]} Nb6 {[%emt 0:00:19]} 7. d4 {[%emt 0:00:04]} Bg7 {[%emt 0:00:10]} 8. e3 {[%emt 0:00:19]} O-O {[%emt 0:00:15]} 9. Be2 {[%emt 0:00:08]} e5 {[%emt 0:00:44]} 10. d5 {[%emt 0:02:11]} e4 {[%emt 0:00:54]} 11. dxc6 {[%emt 0:00:22]} exf3 {[%emt 0:00:01]} 12. Bxf3 {[%emt 0:00:14]} bxc6 {[%emt 0:00:02]} 13. O-O {[%emt 0:01:07]} Be6 {[%emt 0:01:42]} 14. Qc2 {[%emt 0:00:25]} Rb8 {[%emt 0:01:03]} 15. Rd1 {[%emt 0:01:48]} Qf6 {[%emt 0:01:31]} 16. Ne4 {[%emt 0:02:58]} Qf5 {[%emt 0:01:52]} 17. Qc5 {[%emt 0:01:32]} Rfd8 {[%emt 0:00:19]} 18. Bd2 {[%emt 0:01:03]} Na4 {[%emt 0:01:45]} 19. Qxf5 {[%emt 0:00:44]} gxf5 {[%emt 0:00:16]} 20. Ng5 {[%emt 0:00:50]} Nxb2 {[%emt 0:00:02]} 21. Nxe6 {[%emt 0:00:03]} fxe6 {[%emt 0:00:03]} 22. Ba5 {[%emt 0:00:21]} Nxd1 {[%emt 0:00:04]} 0-1

[Event "EIRCC 2019"]
[Site "Tallinn"]
[Date "2019.12.06"]
[Round "10.1"]
[White "Kulaots, Kaido"]
[Black "Yuffa, Daniil"]
[Result "1-0"]
[WhiteElo "2538"]
[BlackElo "2566"]
[Annotator "ChessBase"]
[PlyCount "91"]
[EventDate "2019.12.05"]
[EventType "swiss"]
[EventCountry "EST"]
[SourceTitle "playchess.com"]
[Source "ChessBase"]
[SourceQuality "1"]
[TimeControl "900+10"]

1. e4 {[%emt 0:00:00]} c6 {[%emt 0:00:00]} 2. d4 {[%emt 0:00:00]} d5 {[%emt 0:00:00]} 3. e5 {[%emt 0:00:00]} Bf5 {[%emt 0:00:00]} 4. Nf3 {[%emt 0:00:00]} e6 {[%emt 0:00:00]} 5. Be2 {[%emt 0:00:00]} c5 {[%emt 0:00:00]} 6. Be3 {[%emt 0:00:13]} Qb6 {[%emt 0:00:05]} 7. Nc3 {[%emt 0:00:09]} Nc6 {[%emt 0:00:02]} 8. O-O {[%emt 0:00:30]} Qxb2 {[%emt 0:00:02]} 9. Qe1 {[%emt 0:00:15]} cxd4 {[%emt 0:00:05]} 10. Bxd4 {[%emt 0:00:26]} Nxd4 {[%emt 0:00:02]} 11. Nxd4 {[%emt 0:00:01]} Bb4 {[%emt 0:00:02]} 12. Ndb5 {[%emt 0:00:57]} Ba5 {[%emt 0:00:12]} 13. Rb1 {[%emt 0:00:25]} Qxc2 {[%emt 0:00:03]} 14. Rb3 {[%emt 0:00:19]} Ne7 {[%emt 0:01:27]} 15. Nd6+ {[%emt 0:00:01]} Kf8 {[%emt 0:00:01]} 16. Nxb7 {[%emt 0:00:10]} Bb6 {[%emt 0:00:14]} 17. Nd6 {[%emt 0:00:22]} Ba5 {[%emt 0:00:02]} 18. Bf3 {[%emt 0:00:46]} Bd3 {[%emt 0:03:06]} 19. Qc1 {[%emt 0:00:42]} Ng6 {[%emt 0:04:08]} 20. Qa3 {[%emt 0:03:30]} Bxf1 {[%emt 0:00:09]} 21. Qxa5 {[%emt 0:00:32]} Nxe5 {[%emt 0:01:54]} 22. Kxf1 {[%emt 0:02:16]} Nxf3 {[%emt 0:00:51]} 23. gxf3 {[%emt 0:00:02]} Qc1+ {[%emt 0:00:12]} 24. Ke2 {[%emt 0:00:04]} Qc2+ {[%emt 0:00:19]} 25. Ke1 {[%emt 0:00:11]} Qc1+ {[%emt 0:01:18]} 26. Nd1 {[%emt 0:01:04]} Qc6 {[%emt 0:00:54]} 27. Qb4 {[%emt 0:00:16]} a5 {[%emt 0:00:53]} 28. Qb7 {[%emt 0:00:04]} Qxb7 {[%emt 0:00:35]} 29. Rxb7 {[%emt 0:00:01]} f6 {[%emt 0:00:20]} 30. Nc3 {[%emt 0:00:16]} h5 {[%emt 0:00:59]} 31. Ncb5 {[%emt 0:00:08]} Kg8 {[%emt 0:00:22]} 32. Nc7 {[%emt 0:00:40]} Kh7 {[%emt 0:00:34]} 33. Nxa8 {[%emt 0:00:08]} Rxa8 {[%emt 0:00:02]} 34. a4 {[%emt 0:00:14]} Kg6 {[%emt 0:00:45]} 35. Rb5 {[%emt 0:00:33]} d4 {[%emt 0:00:18]} 36. Kd2 {[%emt 0:00:18]} e5 {[%emt 0:00:03]} 37. Nc4 {[%emt 0:00:03]} Kf5 {[%emt 0:00:16]} 38. Rxa5 {[%emt 0:00:03]} Rd8 {[%emt 0:00:14]} 39. Rb5 {[%emt 0:00:13]} Kf4 {[%emt 0:00:01]} 40. a5 {[%emt 0:00:09]} Kxf3 {[%emt 0:00:02]} 41. a6 {[%emt 0:00:15]} e4 {[%emt 0:00:00]} 42. a7 {[%emt 0:00:50]} e3+ {[%emt 0:00:02]} 43. fxe3 {[%emt 0:00:07]} dxe3+ {[%emt 0:00:01]} 44. Ke1 {[%emt 0:00:24]} Rc8 {[%emt 0:00:09]} 45. Rb8 {[%emt 0:00:07]} Rxc4 {[%emt 0:00:10]} 46. a8=Q+ {[%emt 0:00:03]} 1-0

[Event "EIRCC 2019"]
[Site "Tallinn"]
[Date "2019.12.06"]
[Round "10.2"]
[White "Sebenik, Matej"]
[Black "Mamedov, Rauf"]
[Result "0-1"]
[WhiteElo "2501"]
[BlackElo "2659"]
[Annotator "TA"]
[PlyCount "62"]
[EventDate "2019.12.05"]
[EventType "swiss"]
[EventCountry "EST"]
[SourceTitle "playchess.com"]
[Source "ChessBase"]
[SourceQuality "1"]

{[%evp 12,62,21,21,37,54,46,44,52,41,53,41,52,39,37,30,37,0,0,-34,-29,-76,-77,-72,-69,-100,-51,-152,-155,-266,-215,-197,-197,-198,-199,-364,-354,-576,-62,-75,-62,-256,-263,-385,-426,-401,-387,-403,-346,-342,-337,-724,-722]} 1. d4 d5 2. c4 e6 3. Nf3 Nf6 4. Nc3 Nbd7 5. Bg5 h6 6. Bh4 c6 7. e3 g5 {D51: Queen's Gambit Declined: 4 Bg5 Nbd7 sidelines} 8. Bg3 Nh5 9. Qc2 Nxg3 {White is slightly better.} 10. hxg3 g4 $146 ({Predecessor:} 10... Bg7 11. O-O-O Qe7 12. Kb1 O-O 13. cxd5 cxd5 14. g4 Rd8 15. Bd3 {½-½ (55) Esipenko,A (2611)-Artemiev,V (2761) Poikovsky 2019}) 11. Nd2 Nf6 12. Be2 Bd7 13. e4 dxe4 14. Ndxe4 Nxe4 15. Nxe4 f5 16. Nc3 Qg5 17. Rd1 O-O-O 18. d5 Bc5 19. O-O (19. Na4 $15 Bb4+ 20. Kf1) 19... h5 $1 $17 {[%cal Rh5h4] Threatens to win with ...h4.} 20. dxe6 (20. Na4 $17 {was worth a try.} Bd6 21. Qc3) 20... Bxe6 {And now ...Rxd1 would win.} 21. Rxd8+ Rxd8 ({Don't play} 21... Qxd8 22. Rd1 $17) 22. Rd1 {[#]} h4 $1 {[%cal Rh4g3] Strongly threatening ...hxg3.} 23. Rxd8+ $2 (23. b4 Bxb4 24. gxh4 Qxh4 25. g3) 23... Qxd8 $19 24. Bd3 $2 (24. Qd3 Qxd3 25. Bxd3 hxg3 26. Kf1) 24... Qf6 $2 (24... hxg3 $19 25. Kf1 Qh4 26. Bxf5 Qh1+ 27. Ke2 gxf2) 25. Ne2 $1 $15 Bd7 $36 {[%mdl 2048] Black is pushing.} 26. a3 $2 {[#]} (26. Qd2 $15) 26... f4 $1 $19 {[%cal Rf4g3][%mdl 512]} 27. b4 (27. gxf4 {only move.} g3 28. Kf1) (27. Nxf4 hxg3) 27... fxg3 28. Nxg3 hxg3 29. bxc5 Qd4 30. Bf1 Qxc5 31. a4 $2 {[#]} (31. Qb2) 31... b5 $1 {[%mdl 512] Accuracy: White = 30%, Black = 77%.} 0-1

[Event "EIRCC 2019"]
[Site "Tallinn"]
[Date "2019.12.06"]
[Round "10.3"]
[White "Turov, Maxim"]
[Black "Nguyen, Thai Dai Van"]
[Result "1/2-1/2"]
[WhiteElo "2574"]
[BlackElo "2553"]
[Annotator "ChessBase"]
[PlyCount "33"]
[EventDate "2019.12.05"]
[EventType "swiss"]
[EventCountry "EST"]
[SourceTitle "playchess.com"]
[Source "ChessBase"]
[SourceQuality "1"]
[TimeControl "900+10"]

1. d4 {[%emt 0:00:00]} Nf6 {[%emt 0:00:00]} 2. Nf3 {[%emt 0:00:00]} d5 {[%emt 0:00:00]} 3. c4 {[%emt 0:00:00]} e6 {[%emt 0:00:00]} 4. Bg5 {[%emt 0:00:14]} dxc4 {[%emt 0:00:10]} 5. Qa4+ {[%emt 0:00:37]} Nbd7 {[%emt 0:00:19]} 6. Nc3 {[%emt 0:00:38]} Be7 {[%emt 0:02:12]} 7. e3 {[%emt 0:01:23]} O-O {[%emt 0:03:13]} 8. Bxc4 {[%emt 0:00:09]} h6 {[%emt 0:00:47]} 9. Bh4 {[%emt 0:00:15]} a6 {[%emt 0:00:28]} 10. Be2 {[%emt 0:00:34]} b5 {[%emt 0:00:45]} 11. Qc2 {[%emt 0:00:59]} Bb7 {[%emt 0:00:24]} 12. O-O {[%emt 0:00:04]} c5 {[%emt 0:00:01]} 13. dxc5 {[%emt 0:01:20]} Nxc5 {[%emt 0:00:21]} 14. Rfd1 {[%emt 0:01:03]} Qb6 {[%emt 0:00:45]} 15. b4 {[%emt 0:00:46]} Nce4 {[%emt 0:00:30]} 16. Nxe4 {[%emt 0:00:05]} Bxe4 {[%emt 0:00:01]} 17. Qb2 {[%emt 0:00:28]} 1/2-1/2

[Event "EIRCC 2019"]
[Site "Tallinn"]
[Date "2019.12.06"]
[Round "10.4"]
[White "Sargissian, Gabriel"]
[Black "Lazavik, Denis"]
[Result "1-0"]
[WhiteElo "2689"]
[BlackElo "2411"]
[Annotator "TA"]
[PlyCount "89"]
[EventDate "2019.12.05"]
[EventType "swiss"]
[EventCountry "EST"]
[SourceTitle "playchess.com"]
[Source "ChessBase"]
[SourceQuality "1"]

{[%evp 15,131,30,30,26,30,18,30,12,28,19,25,22,18,8,29,20,33,27,28,29,64,63,49,55,53,58,106,98,97,97,104,107,100,111,123,113,127,80,140,86,91,92,95,86,68,87,120,76,74,78,81,80,185,118,243,250,250,250,417,402,417,409,574,536,558,517,593,591,779,768,764,762,963,1085,1025,1060,1000,694,589,305,305,305,305,302,669,621,563,346,600,579,6083,5591,5591,5491,1317,1079,29968,29971,29971,29972,29968,29967,29968,29973,29976,29977,29978,29979,29981,29981,29981,29982,29982,29983,29984,29978,29977,29978]} 1. d4 d5 2. c4 c6 3. Nf3 Nf6 4. e3 Bf5 5. Nc3 e6 6. Nh4 Be4 7. f3 Bg6 8. Qb3 Qc7 9. Bd2 {D12: Slav Defence: 3 Nf3 Nf6 4 e3 Bf5} Be7 10. Nxg6 (10. O-O-O dxc4 11. Bxc4 a6 12. Be2 Nbd7 13. Nxg6 hxg6 14. Kb1 c5 15. d5 exd5 16. Nxd5 Nxd5 17. Qxd5 {0-1 (31) Karjakin,S (2773)-Caruana,F (2822) Saint Louis 2018}) 10... hxg6 11. O-O-O {White has an edge.} dxc4 12. Bxc4 b5 13. Be2 a6 14. Ne4 Nxe4 15. fxe4 {[#]} Nd7 $146 ({Predecessor:} 15... c5 16. Kb1 Nd7 {1-0 (34) Vidit,S (2689)-Artemiev,V (2653) Doha 2016}) 16. e5 c5 17. Kb1 O-O 18. h4 Rac8 19. h5 {Strongly threatening hxg6.} g5 20. Rdf1 c4 21. Qc2 b4 22. Qe4 Qc6 23. Qxc6 Rxc6 24. h6 g6 25. h7+ Kh8 26. b3 Nb6 ({Black should play} 26... c3 27. Bc1 a5) 27. bxc4 ({White should try} 27. e4) 27... Nxc4 $16 28. Bxc4 Rxc4 {[#]} 29. Rc1 $1 {[%cal Rc1c4]} Rxc1+ 30. Rxc1 {[%mdl 4096] Endgame KRB-KRB} a5 31. Rc7 Bd8 32. Rb7 Kxh7 33. e4 Kg7 (33... g4 $16) 34. d5 $18 exd5 (34... Kg8 $16 {was called for.}) 35. exd5 Re8 36. Rb8 Rh8 $2 (36... Rxe5 37. Rxd8 Kf6) 37. d6 g4 38. Kc2 g5 (38... Bh4 {is a better defense.} 39. Rxh8 Kxh8) 39. Kd3 Kg6 {Now ...Kf5 and Black clings on.} 40. Ke4 g3 41. Be1 Re8 42. Bxg3 a4 43. Rxb4 f6 44. Rxa4 fxe5 45. Kd5 {Played: Ra4-a8} 1-0

[Event "EIRCC 2019"]
[Site "Tallinn"]
[Date "2019.12.06"]
[Round "10.5"]
[White "Kozak, Adam"]
[Black "Motylev, Alexander"]
[Result "0-1"]
[WhiteElo "2525"]
[BlackElo "2640"]
[Annotator "TA"]
[PlyCount "70"]
[EventDate "2019.12.05"]
[EventType "swiss"]
[EventCountry "EST"]
[SourceTitle "playchess.com"]
[Source "ChessBase"]
[SourceQuality "1"]

{[%evp 11,70,11,16,12,12,0,0,-2,22,0,0,-23,-13,-20,-17,-22,-13,-17,-7,-17,-14,-20,-18,-52,-52,-46,-62,-87,-85,-87,-87,-87,-87,-87,-87,-87,-87,-94,-42,-41,-41,-61,-47,-35,-6,-6,-9,-43,0,-89,-89,-200,-127,-127,-127,-950,-933,-1947,-1534,-1216,-1150]} 1. Nf3 d5 2. g3 Nd7 3. d4 e6 4. Bg2 Ngf6 5. O-O b5 6. a4 b4 7. c4 {D02: 1 d4 d5 2 Nf3 sidelines, including 2...Nf6 3 g3 and 2...Nf6 3 Bf4} (7. c3 Ba6 8. Bf4 c5 9. cxb4 cxb4 10. Nbd2 Rc8 11. Re1 Be7 12. Ne5 O-O 13. Nxd7 Nxd7 14. e4 Nf6 {½-½ (22) Maksimenko,A (2468)-Moranda,W (2597) Katowice 2019}) 7... bxc3 8. bxc3 Ba6 9. Nbd2 {The position is equal.} c5 10. Ba3 Rc8 11. Re1 Be7 12. e4 dxe4 $146 ({Predecessor:} 12... Nxe4 13. Nxe4 dxe4 {½-½ (29) Zaremba,A (2355)-Schneider,D (2251) Pardubice 2008}) 13. Nxe4 Nxe4 14. Rxe4 O-O 15. Ne5 Bb7 16. Nxd7 Qxd7 17. Re5 Bxg2 18. Kxg2 {[%cal Ra3c5]} Rfd8 19. Qg4 {[%cal Ra3c5]} cxd4 {[#] aiming for ...Bxa3.} 20. Bxe7 Qxe7 21. cxd4 Rc4 22. Qf3 Rcxd4 23. Rb5 g6 24. Rb7 R4d7 (24... R8d7 $17 25. Rab1 Rxa4 26. Rxd7 Qxd7) 25. Rab1 $15 Kg7 26. a5 Qd6 27. h4 Qd5 (27... h5 {is interesting.} 28. R1b4 e5 29. R4b5 Qe6 30. Rxd7 Rxd7 31. Rc5 Re7) 28. Qxd5 exd5 $11 {[%mdl 4096] Endgame KRR-KRR} 29. a6 d4 30. Kf1 (30. Rxd7 $1 $11 Rxd7 31. Rb7) 30... d3 $17 31. Ke1 (31. Rd1 $17 {was worth a try.}) 31... d2+ 32. Kd1 {next Rxd7 is good for White.} Rd6 33. Rxa7 $2 {[%mdl 8192]} (33. Rb8 $17 Rxb8 34. Rxb8) 33... Re6 $19 {( -> ...Re1+). Black is clearly winning.} 34. Kc2 {[#]} d1=Q+ $1 {[%mdl 512]} 35. Rxd1 Rc6+ {Accuracy: White = 33%, Black = 80%.} 0-1

[Event "EIRCC 2019"]
[Site "Tallinn"]
[Date "2019.12.06"]
[Round "10.6"]
[White "Lysyj, Igor"]
[Black "Kanep, Meelis"]
[Result "1-0"]
[WhiteElo "2594"]
[BlackElo "2461"]
[Annotator "TA"]
[PlyCount "119"]
[EventDate "2019.12.05"]
[EventType "swiss"]
[EventCountry "EST"]
[SourceTitle "playchess.com"]
[Source "ChessBase"]
[SourceQuality "1"]

{[%evp 17,143,5,10,12,8,11,9,10,13,13,4,2,14,15,22,14,49,14,31,15,45,35,60,66,58,57,55,57,71,51,64,31,43,33,69,68,65,59,58,54,60,55,45,45,58,37,45,33,41,27,39,17,58,33,74,74,74,74,74,74,74,74,74,66,74,74,84,84,84,84,74,0,84,84,84,60,60,58,58,58,167,48,84,84,84,84,302,288,293,285,338,342,328,294,416,413,574,658,916,884,1943,1976,1664,1311,2058,1213,1507,1302,29968,29968,5197,6382,6079,3183,29980,29981,29981,29982,29982,29983,29982,29980,29980,29981,29981,29982,29982,29983]} 1. d4 Nf6 2. c4 e6 3. Nf3 d5 4. g3 Bb4+ 5. Bd2 Be7 6. Bg2 O-O 7. O-O c6 8. Qb3 b6 9. Nc3 Ba6 10. cxd5 {E11: Bogo-Indian} cxd5 11. Ne5 Bb7 $1 12. Rfc1 {The position is equal.} Nfd7 (12... Nc6 13. Nxd5 Nxd4 14. Nxe7+ Qxe7 15. Qc4 Bxg2 16. Qxd4 Rfd8 17. Qf4 Bb7 {½-½ (67) Caruana,F (2784)-Ding,L (2769) Berlin 2018}) 13. Nd3 {[%cal Rc3d5]} Nc6 {[%cal Bb8c6,Bc6a5,Ba5c4][%mdl 32]} 14. e3 Na5 $146 ({Predecessor:} 14... Rc8 15. a4 Na5 16. Qd1 Nc4 17. Be1 {1-0 (72) Huang,Q (2440)-Guo,Q (2381) Xinghua 2018}) 15. Qd1 Nc4 16. Be1 a6 17. a4 Rc8 18. b3 Nd6 {[#]} 19. a5 $1 {[%mdl 512]} b5 (19... bxa5 20. Na4) 20. Ne2 Ne4 21. Rxc8 Qxc8 22. Rc1 Qb8 23. f3 Nef6 24. g4 Rc8 25. Bg3 Bd6 26. Rxc8+ Bxc8 27. Qc2 {Threatens to win with Bxd6.} Bxg3 28. Nxg3 Ne8 29. Qc3 Qc7 30. Qxc7 Nxc7 31. Ne2 Kf8 32. h4 h6 33. h5 Ke7 34. Nc3 Kd6 35. f4 f6 36. Nb4 Bb7 37. Ne2 Nb8 38. Kf2 Nc6 39. Nxc6 Bxc6 $16 {[%mdl 4096] Endgame KBN-KBN} 40. b4 Ke7 41. Nc1 Bd7 42. Nd3 Bc8 43. Nc5 Kd6 44. Nd3 Ke7 $1 45. Kg3 Ne8 46. Nc5 Nd6 47. Bf3 Nc4 48. Kf2 $1 Nd6 {[#]} ({Black should play} 48... Kd6 $14) 49. Ke2 (49. f5 $1 $18) 49... Ne8 50. f5 exf5 51. gxf5 ({Of course not} 51. Bxd5 Nc7 $15) 51... Nd6 $2 (51... Kd6 $16 {keeps fighting.}) 52. Bxd5 $18 Nxf5 53. Kd3 Ng3 54. Bf3 f5 55. Kd2 Kf6 (55... Nf1+ $142 56. Ke2 Nh2) 56. Ke1 f4 57. exf4 g5 58. hxg6 Kxg6 59. Kf2 Nf5 60. Be4 {Played: Bf3-g4} 1-0

[Event "EIRCC 2019"]
[Site "Tallinn"]
[Date "2019.12.06"]
[Round "10.7"]
[White "Esipenko, Andrey"]
[Black "D`costa, Lorin"]
[Result "1-0"]
[WhiteElo "2642"]
[BlackElo "2381"]
[Annotator "TA"]
[PlyCount "175"]
[EventDate "2019.12.05"]
[EventType "swiss"]
[EventCountry "EST"]
[SourceTitle "playchess.com"]
[Source "ChessBase"]
[SourceQuality "1"]

{[%evp 19,175,16,34,22,38,39,54,46,76,76,76,76,79,76,87,73,121,65,97,48,102,54,102,56,62,56,72,58,72,69,81,72,91,87,87,87,98,92,93,81,93,13,93,77,93,93,93,49,83,79,71,75,95,95,97,70,95,88,88,88,88,88,102,88,88,88,88,95,95,85,101,95,94,50,95,94,95,95,95,95,95,95,95,95,95,95,95,95,137,137,119,95,118,95,110,95,122,102,102,102,122,122,122,122,122,122,122,122,122,122,122,122,122,122,138,138,138,138,147,138,138,138,138,138,138,138,138,138,213,203,389,376,360,360,504,479,965,961,1551,522,1287,1270,1465,1465,29978,29979,29978,29979,1179,1758,1691,1419,2229,2237,2852,2320,29975,29976]} 1. d4 Nf6 2. c4 g6 3. Nc3 d5 4. cxd5 Nxd5 5. e4 Nxc3 6. bxc3 Bg7 7. Nf3 c5 8. Be3 Qa5 9. Qd2 O-O 10. Rc1 Nd7 11. Bd3 {D85: Exchange Grünfeld: Unusual White 7th moves and lines with 7 Nf3} e5 12. d5 Nf6 13. c4 {[#] White is slightly better.} Qxd2+ $146 ({Predecessor:} 13... Qc7 14. h3 Ne8 15. O-O Nd6 16. Qe2 f5 17. Bd2 fxe4 18. Bxe4 Nxe4 19. Qxe4 {½-½ (30) Esipenko,A (2624)-Svidler,P (2729) Khanty-Mansiysk 2019}) 14. Nxd2 b6 15. f3 Bd7 16. g4 Ne8 17. Ke2 f5 18. h3 (18. gxf5 $16 gxf5 19. exf5) 18... Nd6 19. Rhg1 Rf7 ({Better is} 19... f4 $14 20. Bf2 Bf6) 20. Rg2 Kh8 21. h4 f4 22. Bf2 h6 23. Nb1 Be8 24. Nc3 Rc7 25. Rb1 Rb8 26. Rgg1 Kg8 27. Rb2 a6 28. Rgb1 Rcb7 29. Rb3 Bf8 30. Ra3 (30. a4 $16) 30... Ra8 (30... a5 $11 {keeps the balance.}) 31. Kd2 Bd7 32. Be2 Kf7 33. Nd1 Ke8 34. Nb2 Kd8 35. Rb3 Rab8 36. a4 a5 37. Ra1 Kc7 38. Bd3 Re8 39. Rc3 Rbb8 40. Rcc1 Rb7 41. Ke2 Rbb8 42. Ke1 Rb7 43. Be2 Nf7 44. Kd1 Bd6 45. Be1 Bf8 46. Nd3 Bd6 47. Rcb1 Ra8 48. Kc2 Raa7 49. Kb3 Ra8 50. Ka3 Raa7 51. Bc3 Ra8 52. Rh1 Re8 53. Rag1 Re7 54. Nb2 Re8 55. Bd2 Bf8 56. Nd1 Bd6 57. Kb3 Bf8 58. Rh2 Bd6 59. Bf1 Bf8 60. g5 h5 61. Bh3 Bxh3 62. Rxh3 Rbb8 63. Kc2 Rb7 64. Kd3 Rbb8 65. Rhh1 Rb7 66. Nc3 Nd6 67. Rb1 Re7 68. Rhe1 Rf7 69. Nd1 Bg7 70. Nf2 Rf8 71. Kc3 Rf7 72. Nd3 Re7 73. Bc1 Nf7 (73... Rf7 $16 74. Ba3 Kc8) 74. Ba3 $18 Re8 $2 {[#]} (74... Nd6 75. Bxc5 bxc5) 75. Bxc5 $1 {[%mdl 512]} bxc5 76. Nxc5 Rxb1 77. Rxb1 Nd8 (77... Nd6 $142 78. Na6+ (78. Ne6+ Rxe6 79. dxe6 Bf8 $16) 78... Kd7 79. Nb8+ Kc7) 78. Na6+ Kc8 79. Rb8+ Kd7 80. c5 Ke7 81. Kc4 Nf7 82. Rb7+ Kf8 83. Nc7 Rc8 84. d6 Nd8 85. Rb6 Kf7 86. Kd5 Bf8 87. Nb5 Ke8 88. c6 {Accuracy: White = 64%, Black = 36%.} 1-0

[Event "EIRCC 2019"]
[Site "Tallinn"]
[Date "2019.12.06"]
[Round "10.8"]
[White "Ladva, Ottomar"]
[Black "Saric, Ante"]
[Result "0-1"]
[WhiteElo "2513"]
[BlackElo "2556"]
[Annotator "ChessBase"]
[PlyCount "70"]
[EventDate "2019.12.05"]
[EventType "swiss"]
[EventCountry "EST"]
[SourceTitle "playchess.com"]
[Source "ChessBase"]
[SourceQuality "1"]
[TimeControl "900+10"]

1. Nf3 {[%emt 0:00:00]} Nf6 {[%emt 0:00:00]} 2. g3 {[%emt 0:00:00]} g6 {[%emt 0:00:00]} 3. d4 {[%emt 0:00:02]} d5 {[%emt 0:00:00]} 4. Bg2 {[%emt 0:00:03]} Bg7 {[%emt 0:00:00]} 5. O-O {[%emt 0:00:02]} O-O {[%emt 0:00:00]} 6. Nbd2 {[%emt 0:00:11]} c6 {[%emt 0:00:23]} 7. b3 {[%emt 0:00:24]} a5 {[%emt 0:00:07]} 8. a4 {[%emt 0:01:02]} Bf5 {[%emt 0:01:06]} 9. Bb2 {[%emt 0:02:50]} Na6 {[%emt 0:00:06]} 10. Ne5 {[%emt 0:00:33]} Nd7 {[%emt 0:00:08]} 11. e3 {[%emt 0:01:16]} Nb4 {[%emt 0:01:26]} 12. Rc1 {[%emt 0:00:26]} Na2 {[%emt 0:01:31]} 13. g4 {[%emt 0:01:00]} Nxc1 {[%emt 0:01:54]} 14. gxf5 {[%emt 0:00:04]} Nxe5 {[%emt 0:00:01]} 15. dxe5 {[%emt 0:00:07]} Na2 {[%emt 0:00:02]} 16. c3 {[%emt 0:02:27]} Bxe5 {[%emt 0:00:19]} 17. Qa1 {[%emt 0:00:38]} Nxc3 {[%emt 0:00:12]} 18. Bxc3 {[%emt 0:00:03]} Bxc3 {[%emt 0:00:02]} 19. Qxc3 {[%emt 0:00:01]} gxf5 {[%emt 0:00:22]} 20. Qe5 {[%emt 0:00:52]} Qd7 {[%emt 0:00:24]} 21. Bh3 {[%emt 0:01:28]} e6 {[%emt 0:00:09]} 22. Qf6 {[%emt 0:01:16]} Qd8 {[%emt 0:00:09]} 23. Qh6 {[%emt 0:00:22]} Kh8 {[%emt 0:00:07]} 24. Kh1 {[%emt 0:00:14]} Rg8 {[%emt 0:00:03]} 25. Nf3 {[%emt 0:00:32]} Rg6 {[%emt 0:00:14]} 26. Qh5 {[%emt 0:00:49]} Qf6 {[%emt 0:00:13]} 27. Nd4 {[%emt 0:01:11]} Rh6 {[%emt 0:00:57]} 28. Qf3 {[%emt 0:00:10]} Qh4 {[%emt 0:00:01]} 29. Rg1 {[%emt 0:01:31]} Qxh3 {[%emt 0:00:22]} 30. Qf4 {[%emt 0:00:01]} Qh4 {[%emt 0:00:03]} 31. Qc7 {[%emt 0:00:23]} Rg8 {[%emt 0:00:27]} 32. Qe5+ {[%emt 0:00:09]} Qf6 {[%emt 0:00:04]} 33. Rxg8+ {[%emt 0:00:07]} Kxg8 {[%emt 0:00:01]} 34. Qb8+ {[%emt 0:00:12]} Kg7 {[%emt 0:00:02]} 35. Nf3 {[%emt 0:00:13]} Qa1+ {[%emt 0:00:18]} 0-1